Southville International School and Colleges
Your cart is empty.
  • Cart
  • Lists
    Public lists Eva Luna New books Lux_list list_1
    Your lists Log in to create your own lists
  • Log in to your account
  • Your cookies
  • Search history
Southville International School and Colleges
  • Advanced search
  • Recent comments
  • Most popular
  • Libraries

Log in to your account

Log in with GOOGLE


If you do not have an external account, but do have a local account, you can still log in:

  1. Home
  2. MARC view: Origami :
Normal view MARC view ISBD view

Origami : (Record no. 12088)

[ view plain ]
MARC details
000 -LEADER
fixed length control field 00486nam a22001697a 4500
003 - CONTROL NUMBER IDENTIFIER
control field PILC
005 - DATE AND TIME OF LATEST TRANSACTION
control field 20151028094515.0
008 - FIXED-LENGTH DATA ELEMENTS--GENERAL INFORMATION
fixed length control field 130925t xxu||||| |||| 00| 0 eng d
050 ## - LIBRARY OF CONGRESS CALL NUMBER
Classification number TT 870.2
Item number .Mo697 p.2
100 ## - MAIN ENTRY--PERSONAL NAME
Personal name Mohini, Mudit
9 (RLIN) 21634
245 ## - TITLE STATEMENT
Title Origami :
Remainder of title the art of paper folding Part 2 /
Statement of responsibility, etc Mudit Mohini.
260 ## - PUBLICATION, DISTRIBUTION, ETC. (IMPRINT)
Place of publication, distribution, etc New Delhi :
Name of publisher, distributor, etc Vishv Vijay Pvy. Ltd.
300 ## - PHYSICAL DESCRIPTION
Extent 32 p. :
Other physical details ill. col. ;
Dimensions 28 cm.
651 ## - SUBJECT ADDED ENTRY--GEOGRAPHIC NAME
Geographic name origami
9 (RLIN) 21635
942 ## - ADDED ENTRY ELEMENTS (KOHA)
Source of classification or shelving scheme Library of Congress Classification
Koha item type Books
Holdings
Withdrawn status Lost status Source of classification or shelving scheme Damaged status Home library Current library Shelving location Date acquired Source of acquisition Total Checkouts Full call number Barcode Date last seen Date checked out Copy number Price effective from Koha item type
    Library of Congress Classification   Luxembourg Library Luxembourg Library Grade School Section 09/25/2013 Donation 1 TT 870.2 .M697p2 19547 06/26/2015 06/18/2015 1 09/25/2013 Books

Origami :

APA

Mohini M., .Origami. New Delhi: Vishv Vijay Pvy. Ltd.

Chicago

Mohini Mudit, .Origami. New Delhi: Vishv Vijay Pvy. Ltd.

Harvard

Mohini M., .Origami. New Delhi: Vishv Vijay Pvy. Ltd.

MLA

Mohini Mudit, .New Delhi: Vishv Vijay Pvy. Ltd. .

  • Place hold
  • Print
  • Cite
  • Add to your cart (remove)
  • Save record
    BIBTEX Dublin Core MARCXML MARC (non-Unicode/MARC-8) MARC (Unicode/UTF-8) MARC (Unicode/UTF-8, Standard) MODS (XML) RIS
  • More searches
    Search for this title in:
    Other Libraries (WorldCat) Other Databases (Google Scholar) Online Stores (Bookfinder.com) Open Library (openlibrary.org)

Exporting to Dublin Core...

SOUTHVILLE LIBRARY

Southville International School and Colleges Library

1281 Tropical Ave. Cor. Luxembourg St., BF Homes International, Las Pinas City

Tel. No. 8256374 / 252358 Loc. 117/146

Powered by Koha